| 000 | 00937cam a2200253 i 4500 | ||
|---|---|---|---|
| 003 | SA-RiAUC | ||
| 005 | 20250315133301.0 | ||
| 008 | 250309s1985 su g 0000e ara c | ||
| 040 |
_aSA-RiAUC _bara _cSA-RiAUC _erda |
||
| 082 | 0 | 4 | _a081 |
| 090 |
_a081 _b خ ا ز |
||
| 100 | 1 |
_aالخازن، جهاد، _d1939- _eمؤلف. |
|
| 245 | 1 | 0 |
_aصباح الخير / _cجهاد الخازن. |
| 250 | _aالطبعة الأولى. | ||
| 264 | 1 |
_aجدة، السعودية : _bالشركة السعودية للأبحاث والتسويق، _c1985 |
|
| 300 |
_a384 صفحة ؛ _c18 سم. |
||
| 336 |
_aنص _btxt _2rdacontent _3كتاب |
||
| 337 |
_aبدون وسيط _bn _2rdamedia |
||
| 338 |
_aمجلد _bnc _2rdacarrier |
||
| 440 | 0 | _aكتاب الشرق الأوسط | |
| 650 | 7 |
_aالمقالات العربية _zالسعودية _yقرن 14 هجري _2aucsh |
|
| 942 |
_2ddc _cBOOK _n0 |
||
| 949 |
_aSA-JeALM _d250309 _umohamedma123 _n1 |
||
| 999 |
_c6456 _d6456 |
||